Normal view
MARC view
- James.k مؤلف/Jordan R.R م.مشارك/Matthews A.J م.مشارك
Entry Personal Name
001 - CONTROL NUMBER
- control field: 2740
003 - CONTROL NUMBER IDENTIFIER
- control field: JO-AjAnu
005 - DATE AND TIME OF LATEST TRANSACTION
- control field: 20230606070743.0
008 - FIXED-LENGTH DATA ELEMENTS
- fixed length control field: 230606|| aca||aabn | a|a d
040 ## - CATALOGING SOURCE
- Original cataloging agency: JO-AjAnu
- Transcribing agency: JO-AjAnu
100 ## - HEADING--PERSONAL NAME
- Personal name: James.k مؤلف/Jordan R.R م.مشارك/Matthews A.J م.مشارك
670 ## - SOURCE DATA FOUND
- Source citation: Work cat.: (JO-AjAnu)1434: James.k مؤلف/Jordan R.R م.مشارك/Matthews A.J م.مشارك, author, Listening Comprehension And Note-Taking Course